Catalog

Record Details

Catalog Search



Available copies

  • 4 of 4 copies available at LARL/NWRL Consortium. (Show)
  • 2 of 2 copies available at Northwest Regional Library.

Current holds

0 current holds with 4 total copies.

Show Only Available Copies
Location Call Number / Copy Notes Barcode Shelving Location Status Due Date
Hallock Public Library ya OSH (Text) 35500006540676 Main Available -
Roseau Public Library ya OSH (Text) 35500006333114 Main Available -

Record details

  • ISBN: 9781250169211
  • ISBN: 1250169216
  • ISBN: 9781250169228 (pbk.)
  • Physical Description: 431 pages : illustrations ; 22 cm
  • Edition: First edition.
  • Publisher: New York : Tor Teen, 2020.

Content descriptions

General Note:
"A Tom Doherty Associates book."
Summary, etc.:
"Xochitl is destined to wander the desert alone, ... Read More
Subject: Storytellers > Juvenile fiction.
Lesbian teenagers > Juvenile fiction.
Loneliness in adolescence > Juvenile fiction.
Deserts > Juvenile fiction.
Stars > Juvenile fiction.
Quests (Expeditions) > Juvenile fiction.
Young adult fiction.
Lesbians > Juvenile fiction.
Loneliness > Juvenile fiction.
Fantasy.
Genre: Young adult fiction.
Fantasy fiction.
LDR 02012cam a2200433Ii 4500
001349075
003LARL_NWRL_CONSORTIUM
00520220112212034.0
008200708s2020 nyua d 000 1 eng d
020 . ‡a9781250169211 ‡q(hardcover)
020 . ‡a1250169216 ‡q(hardcover)
020 . ‡a9781250169228 (pbk.)
035 . ‡a(OCoLC)1182803172
040 . ‡aLMJ ‡beng ‡erda ‡cLMJ ‡dBDX ‡dLMJ ‡dOCLCO ‡dIJ5 ‡dOI6 ‡dILC ‡dTOH ‡dVP@ ‡dEHH ‡dHBP ‡dOCLCF ‡dGZD
08204. ‡a[Fic] ‡223
1001 . ‡aOshiro, Mark, ‡eauthor.
24510. ‡aEach of us a desert / ‡cMark Oshiro.
250 . ‡aFirst edition.
264 1. ‡aNew York : ‡bTor Teen, ‡c2020.
264 4. ‡c℗♭2020
300 . ‡a431 pages : ‡billustrations ; ‡c22 cm
336 . ‡atext ‡btxt ‡2rdacontent
337 . ‡aunmediated ‡bn ‡2rdamedia
338 . ‡avolume ‡bnc ‡2rdacarrier
500 . ‡a"A Tom Doherty Associates book."
520 . ‡a"Xochitl is destined to wander the desert alone, speaking her troubled village's stories into its arid winds. Her only companions are the blessed stars above and enigmatic lines of poetry magically strewn across dusty dunes. Her one desire: to share her heart with a kindred spirit. One night, Xo's wish is granted--in the form of Emilia, the cold and beautiful daughter of the town's murderous conqueror. But when the two set out on a magical journey across the desert, they find their hearts could be a match--if only they can survive the nightmare-like terrors that arise when the sun goes down"--Dust jacket flap.
650 0. ‡aStorytellers ‡vJuvenile fiction.
650 0. ‡aLesbian teenagers ‡vJuvenile fiction.
650 0. ‡aLoneliness in adolescence ‡vJuvenile fiction.
650 0. ‡aDeserts ‡vJuvenile fiction.
650 0. ‡aStars ‡vJuvenile fiction.
650 0. ‡aQuests (Expeditions) ‡vJuvenile fiction.
650 0. ‡aYoung adult fiction. ‡0(LARL_NWRL_CONSORTIUM)35107
650 0. ‡aLesbians ‡vJuvenile fiction.
650 0. ‡aLoneliness ‡vJuvenile fiction.
650 0. ‡aFantasy. ‡0(LARL_NWRL_CONSORTIUM)19981
655 0. ‡aYoung adult fiction.
655 7. ‡aFantasy fiction. ‡2lcgft
901 . ‡a349075 ‡bOCoLC ‡c349075 ‡tbiblio ‡soclc

Additional Resources